Optimization (Record no. 272)
[ view plain ]
| 000 -LEADER | |
|---|---|
| Fixed length control field | 00525nam a2200193 4500 |
| 003 - CONTROL NUMBER IDENTIFIER | |
| Control field | SEACOMMC |
| 005 - DATE AND TIME OF LATEST TRANSACTION | |
| Control field | 20231026043449.0 |
| 008 - FIXED-LENGTH DATA ELEMENTS--GENERAL INFORMATION | |
| Fixed length control field | 231026b |||||||| |||| 00| 0 eng d |
| 020 ## - INTERNATIONAL STANDARD BOOK NUMBER / ISBN | |
| Price | Rs. 295.00 |
| 040 ## - CATALOGING SOURCE | |
| Original cataloging agency | SEACOMMC |
| 082 ## - DEWEY DECIMAL CLASSIFICATION NUMBER | |
| Classification number | 519.6 |
| Book Number | JOS |
| 100 1# - MAIN ENTRY--PERSONAL NAME | |
| Personal name | Joshi, Mohan C. |
| 245 1# - TITLE STATEMENT | |
| Title | Optimization |
| Sub title | theory and practice |
| Statement of responsibility | Mohan C. Joshi and Kannan M. Moudgalya |
| 260 ## - IMPRINT | |
| Place of publication | New Delhi |
| Name of publisher | Narosa |
| Date of publication | 2004 |
| 650 ## - SUBJECT ADDED ENTRY--TOPICAL TERM | |
| Topical term | Mathematics |
| 650 ## - SUBJECT ADDED ENTRY--TOPICAL TERM | |
| Topical term | Mathematical optimization |
| 700 1# - ADDED ENTRY--PERSONAL NAME | |
| Personal name | Moudgalya, Kannan M. |
| 942 ## - ADDED ENTRY ELEMENTS (KOHA) | |
| Koha item type | Books |
| Withdrawn status | Lost status | Source of classification | Damaged status | Not for loan | Home library | Current library | Date acquired | Total Checkouts | Call number | Accession number | Date last seen | Price effective from | Koha item type |
|---|---|---|---|---|---|---|---|---|---|---|---|---|---|
| Dewey Decimal Classification | SEACOM MANAGEMENT COLLEGE | SEACOM MANAGEMENT COLLEGE | 06/09/2006 | 519.6 JOS | 05443 | 26/10/2023 | 26/10/2023 | Books |
